000 00715nam a2200241Ia 4500
003 OSt
005 20220928103642.0
006 a|||||r|||| 00| 0
007 ta
008 220927b |||||||| |||| 00| 0 eng d
024 _a62223
037 _cTextual
040 _aSDCL
_cSDCL
_beng
041 _2eng
_aeng
082 _aDelta25.237'L, N2
100 _aShukla Dinesh Chandra
_9406271
245 0 _aRajasthan ki bhakti-prampara tatha sanskriti
260 _aJodhpur
_bRajasthani Granthaghar
_c1992
300 _a235p
_ccm.
700 _a Singh Onkar Narayan
_9406272
942 _hDelta25.237'L, N2
_cTEXL
_2CC
999 _c721836
_d721836